|
|
|
|
| LEADER |
01234nam a22002777a 4500 |
| 001 |
35942 |
| 003 |
BD-DhAAL |
| 005 |
20250622151550.0 |
| 008 |
211027r19832002bg a|||| |||| 00| 1 ben d |
| 020 |
|
|
|a 9840742493
|
| 040 |
|
|
|a BD-DhAAL
|d BD-DhAAL
|
| 041 |
|
|
|a ben
|
| 082 |
|
|
|a 891.440954929
|
| 100 |
|
|
|a ওসমান, শওকত.
|9 42273
|
| 245 |
|
|
|a ছোটদের কথা-রচনার কথা /
|c শওকত ওসমান.
|
| 246 |
|
|
|a Chotoder katha rachanar katha
|
| 260 |
|
|
|a ঢাকা :
|b বাংলা একাডেমী,
|c ২০০২ [দ্বিতীয় পুনমুর্দ্রন].
|
| 300 |
|
|
|a ১৪১ পৃষ্ঠা :
|b চিত্র ;
|c ২১ সে.মি.
|
| 526 |
|
|
|a BIED
|
| 541 |
|
|
|a Complimentary copy from BIED
|e 35942
|
| 650 |
|
|
|a Short stories, Bengali
|z Bangladesh.
|9 42274
|
| 650 |
|
|
|a Children's stories, Bengali
|z Bangladesh.
|9 42275
|
| 852 |
|
|
|a Ayesha Abed Library
|c BIED Collection
|
| 942 |
|
|
|2 ddc
|c BK
|
| 999 |
|
|
|c 43290
|d 43290
|
| 952 |
|
|
|0 0
|1 0
|2 ddc
|4 0
|6 891_440954929000000_OSM
|7 0
|9 69442
|a BRACUL
|b BRACUL
|c GEN
|d 2021-10-27
|e Complimentary copy from BIED
|l 0
|o 891.440954929 OSM
|p 3010035942
|r 2021-10-27
|t 1
|w 2021-10-27
|y BK
|x Transferred from BIED to General Stacks
|